| 000 | 00596 a2200181 4500 | ||
|---|---|---|---|
| 999 |
_c6804 _d6804 |
||
| 020 | _a9780495500698 | ||
| 050 | 0 | 0 | _aB21 FEI 2008 |
| 100 |
_aFeinberg, Joel _eauthor |
||
| 245 | 0 | 0 |
_aReason and responsibility : _breadings in some basic problems of philosophy / _cedited by Joel Feinberg, Russ Shafer-Landau. |
| 250 | _a13th ed. | ||
| 264 |
_aBelmont: _bThomson Wadsworth, _c2008 |
||
| 300 | _aviii, 726 p. ; | ||
| 500 | _aIncludes index | ||
| 504 | _aIncludes bibliographical references. | ||
| 650 | 0 | _aPhilosophy. | |
| 700 | 1 |
_aShafer-Landau, Russ. _eauthor |
|
| 942 |
_2lcc _cBK _e13th _h21 _iFEI _kB |
||